000 00930cam a2200265 i 4500
001 25312
003 Mx-PuUPA
005 20250804133155.0
008 140415s1989 mx a gr 000 p spa d
040 _aMx-PuUPA
_bspa
_cMx-PuUPA
_dMx-PuUPA
_erda
041 0 _aspa
100 1 _aVerduzco Villarreal, Jerónimo,
_d1924-
_917369
_eautor
245 1 0 _aRomancero de Fray Sebastián de Aparicio :
_bel santo de las carretas en Méjico /
_cJerónimo Verduzco Villarreal
250 _aSegunda edición
264 1 _aMéjico, D.F. :
_bFray Jerónimo Verduzco Villarreal,
_c1989
300 _a156 páginas :
_bilustraciones ;
_c24 cm
336 _2rdacontent
_atexto
_btxt
337 _2rdamedia
_asin medio
_bn
338 _2rdacarrier
_avolumen
_bnc
600 1 4 _aAparicio, Sebastián de,
_cSanto,
_d1502-1600
942 _2ddc
_cLI
_h270.092
_iV47
999 _c25312
_d25312